000 00567nam a2200229Ia 4500
003 OSt
005 20221005125304.0
006 a|||||r|||| 00| 0
007 ta
008 221004b |||||||| |||| 00| 0 eng d
024 _a53047
037 _cTextual
040 _aCRL
_cCRL
_beng
041 _2eng
_aeng
082 _aR3:Q:31, E4
245 0 _aPantheism, its story and significance
260 _c1914
490 _aReligions : ancient and modern; 3
650 _aPHILOSOPHY
942 _hR3:Q:31, E4
_cTEXL
_2cc
999 _c1053560
_d1053560